| 000 | 00969nam a2200349 c 4500 | ||
|---|---|---|---|
| 999 |
_c45286 _d45286 |
||
| 001 | 45286 | ||
| 003 | ES-MaCES | ||
| 005 | 20161213115948.0 | ||
| 008 | 000000s2014 us 000 | eng d | ||
| 020 | _a1859846114 | ||
| 035 | _a9781781683101 | ||
| 040 |
_aES-MaCES _bspa _cES-MaCES |
||
| 100 | 1 |
_aCrary, Jonathan _935311 |
|
| 245 | 0 | 0 |
_a24/7 _b: late capitalism and the end of sleep _cJonathan Crary |
| 246 | 1 | 3 | _aTwenty-four seven |
| 250 | _a1st ed | ||
| 260 |
_aLondon _aNew York _bVerso _c2014 |
||
| 300 |
_a133 p. _c20 cm |
||
| 541 | _cCompra | ||
| 650 | 4 |
_aarte _927346 |
|
| 650 | 4 |
_asociedad _927269 |
|
| 650 | 4 |
_aindividuo _927268 |
|
| 650 | 4 |
_agestión de tiempo _930359 |
|
| 650 | 4 |
_acapitalismo _927116 |
|
| 650 | 4 |
_acivilización _927261 |
|
| 650 | 4 |
_amodernización _927016 |
|
| 650 | 4 |
_adesarrollo social _929239 |
|
| 650 | 4 |
_aS. XXI _931215 |
|
| 653 | 1 | 0 | _aCiencias Sociales-Políticas |
| 902 | _aLIB Libro | ||
| 942 |
_2CES _cBK _h7.0. |
||